Progress in filtration and separation /
Guardado en:
| Otros Autores: | |
|---|---|
| Formato: | Libro |
| Idioma: | English |
| Publicado: |
Amsterdam :
Elsevier Scientific Pub. Co.,
1979-86.
|
| Materias: | |
| Etiquetas: |
Agregar Etiqueta
Sin Etiquetas, Sea el primero en etiquetar este registro!
|
| LEADER | 00763nam a22002055a 4500 | ||
|---|---|---|---|
| 001 | EIQ.libpla002111 | ||
| 008 | 070419m19791986gw#ao####b####000#0#eng#d | ||
| 005 | 20070419192805.0 | ||
| 245 | 0 | 0 | |a Progress in filtration and separation / |c edited by R.J. Wakeman. |
| 260 | |a Amsterdam : |b Elsevier Scientific Pub. Co., |c 1979-86. | ||
| 300 | |a 4 v. : |b il., fotos ; |c 25 cm. | ||
| 504 | |a Incluye referencias bibliográficas. | ||
| 020 | |a 0444418199 (v.1) | ||
| 700 | 1 | |a Wakeman, Richard J, |e ed. |4 edt | |
| 650 | 4 | |a Procesos |x Filtración. | |
| 650 | 4 | |a Procesos |x Separación (Tecnología) | |
| 650 | 4 | |a Processes |x Filtration. | |
| 650 | 4 | |a Processes |x Separation (Technology) | |
| 040 | |a AR-BbSID |b spa |c AR-BbSID | ||
| 859 | |a AR-BbSID |b BIB. PLAPIQUI |h 660.284 |i P 943 |p 1025 |v Vol. 1 |3 Vol. 1 | ||
